<?xml version="1.0" encoding="UTF-8"?>
<record
    xmlns:xsi="http://www.w3.org/2001/XMLSchema-instance"
    xsi:schemaLocation="http://www.loc.gov/MARC21/slim http://www.loc.gov/standards/marcxml/schema/MARC21slim.xsd"
    xmlns="http://www.loc.gov/MARC21/slim">

  <leader>01517nam a2200289 i 4500</leader>
  <controlfield tag="001">53519</controlfield>
  <controlfield tag="003">ES-MaACL</controlfield>
  <controlfield tag="005">20230906162800.0</controlfield>
  <controlfield tag="007">t|</controlfield>
  <controlfield tag="008">951002s1884    sp           |||| | spa d</controlfield>
  <datafield tag="040" ind1=" " ind2=" ">
    <subfield code="a">CAM </subfield>
    <subfield code="b">spa </subfield>
    <subfield code="c">CAM</subfield>
  </datafield>
  <datafield tag="245" ind1="0" ind2="0">
    <subfield code="a">Extravagantes op&#xFA;sculos amenos y curiosos de ilustres autores.</subfield>
  </datafield>
  <datafield tag="260" ind1=" " ind2=" ">
    <subfield code="a">Barcelona : </subfield>
    <subfield code="b">Daniel Cortezo, </subfield>
    <subfield code="c">1884.</subfield>
  </datafield>
  <datafield tag="300" ind1=" " ind2=" ">
    <subfield code="a">VII, 9-274 p. ; </subfield>
    <subfield code="c">21 cm.</subfield>
  </datafield>
  <datafield tag="490" ind1="1" ind2=" ">
    <subfield code="a">Biblioteca cl&#xE1;sica espa&#xF1;ola</subfield>
  </datafield>
  <datafield tag="505" ind1="8" ind2=" ">
    <subfield code="a">Contiene: ; </subfield>
    <subfield code="t">Di&#xE1;logos de apacible entretenimiento / </subfield>
    <subfield code="r">por Gaspar Lucas Hidalgo. -- </subfield>
    <subfield code="t">Cartas de Don Juan de la Sal, Obispo de Bona, al Duque de Medinasidonia ; </subfield>
    <subfield code="t">Tractado de las tres grandes, conviene a saber, de la gran parler&#xED;a, de la gran porf&#xED;a y de la gran risa / </subfield>
    <subfield code="r">por Francisco de Villalobos. -- </subfield>
    <subfield code="t">Declaraci&#xF3;n puesta a la postrera cena y cap&#xED;tulo de la comedia El Anfitri&#xF3;n / </subfield>
    <subfield code="r">por Francisco de Villalobos. -- </subfield>
    <subfield code="t">Los tres maridos burlados / </subfield>
    <subfield code="r">por Tirso de Molina. -- </subfield>
    <subfield code="t">Historia del abencerraje y la hermosa Jarifa / </subfield>
    <subfield code="r">por Antonio de Villegas</subfield>
  </datafield>
  <datafield tag="700" ind1="1" ind2=" ">
    <subfield code="a">Hidalgo, Gaspar Lucas.</subfield>
    <subfield code="9">63569</subfield>
  </datafield>
  <datafield tag="700" ind1="1" ind2=" ">
    <subfield code="a">Villalobos, Francisco de.</subfield>
    <subfield code="9">114956</subfield>
  </datafield>
  <datafield tag="700" ind1="1" ind2=" ">
    <subfield code="a">Molina, Tirso de,</subfield>
    <subfield code="d">1579-1648</subfield>
    <subfield code="9">226522</subfield>
  </datafield>
  <datafield tag="700" ind1="1" ind2=" ">
    <subfield code="a">Villegas, Antonio de.</subfield>
    <subfield code="9">115201</subfield>
  </datafield>
  <datafield tag="740" ind1="0" ind2="2">
    <subfield code="a">Cartas de Don Juan de la Sal, Obispo de Bona, al Duque de Medinasidonia.</subfield>
  </datafield>
  <datafield tag="740" ind1="4" ind2="2">
    <subfield code="a">Los tres maridos burlados.</subfield>
  </datafield>
  <datafield tag="740" ind1="3" ind2="2">
    <subfield code="a">El abencerraje y la hermosa Jarifa.</subfield>
  </datafield>
  <datafield tag="830" ind1="0" ind2=" ">
    <subfield code="a">Biblioteca cl&#xE1;sica espa&#xF1;ola</subfield>
    <subfield code="9">182443</subfield>
  </datafield>
  <datafield tag="852" ind1=" " ind2=" ">
    <subfield code="a">ES-MaACL</subfield>
    <subfield code="j">B-747</subfield>
  </datafield>
  <datafield tag="999" ind1=" " ind2=" ">
    <subfield code="c">53519</subfield>
    <subfield code="d">53519</subfield>
  </datafield>
  <datafield tag="952" ind1=" " ind2=" ">
    <subfield code="0">0</subfield>
    <subfield code="1">0</subfield>
    <subfield code="4">0</subfield>
    <subfield code="7">0</subfield>
    <subfield code="8">LIBXIX</subfield>
    <subfield code="a">ATENEOM</subfield>
    <subfield code="b">ATENEOM</subfield>
    <subfield code="c">SPB</subfield>
    <subfield code="d">2008-01-17</subfield>
    <subfield code="e">SC</subfield>
    <subfield code="l">0</subfield>
    <subfield code="o">B-747</subfield>
    <subfield code="p">1056239</subfield>
    <subfield code="r">2023-02-23 00:00:00</subfield>
    <subfield code="w">2023-02-23</subfield>
    <subfield code="y">MONANT</subfield>
  </datafield>
</record>
